Gares de la Mayenne - Statistiques

Statistiques générales
  • Ce quiz a été pris 170 fois
    58 depuis la dernière actualisation
  • Le résultat moyen est 4 sur 8
Statistiques - réponses
Nombre de voyageurs Gares % Correct
1 585 924 Laval
100%
167 670 Evron
83%
32 715 Montsûrs
46%
5 550 Neau
35%
23 415 Le genest
28%
49 919 Saint Pierre la Cour
24%
4 733 Voutré
24%
42 895 Port Brillet
22%
Aucun quiz correspondant
Distribution des résultats
% des personnes avec chaque résultat
Percentile par nombre de réponses
Votre historique - résultats
Vous n’avez pas pris ce quiz depuis la dernière actualisation